000
00332nam a2200133Ia 4500
005
20260415144840.0
008
191201s2008 xx 000 0 und d
100
_a
Sharma, P.C.
245
2
_a
A Text Book of Production Engineeing
260
_c
2008
_b
S Chand and Co. Ltd.
_a
N.Delhi
300
_a
983
650
_a
ME
942
_2
ddc
_c
BB
999
_c
7296
_d
7296